1347 1107 1721 1549 1700 1871 1561 1477 1364 1079 1613 1401 1802 1645 1023 1550 1644 1648 1680 1905 1739 1180 1017 1841 1042 1970 1143 1497 1024 1433 1743 1418 1640 1751 1263 1700 1431 1301 1538 1831 1061 1235 1170 1150 1875 1242 1567 1003 1727 1527 1410 1992 1107 1290 1435 1225 1921 1702 1192 1286 1436 1685 1189 1208 1443 1906 1962 1695 1190 1715 1106 1122 1400 1118 1677 1661 1933 1114 1034 1037 1058 1332 1841 1089 1012 1656 1744 1145 1603 1737 1668 1392 1743 1721 1830 1255 1702 1910 1615 BCNSPRNW ULIB Ver.6.0+V

เปลี่ยนเป็นภาษาไทย

Change to English
 แสดงรายละเอียดบรรณานุกรม
  กลับหน้าหลัก

Brief Record : Get Marc (ISO 2709) : E-mail record : QR code < ปิดหน้าต่าง
LEADER : 00000nam 2200000uu 4500
001    13399125268
003     ULIB
008    170110s||||||||th 000 0 tha d
099    ^aวจ.HM 132 จ533ค
100    ^aจิรพร จันทรมณี, สุภาเพ็ญ ปาณะวัฒนพิสุทธิ์ และนภัสวรรณ บุญประเสริฐ
245    ^aความพึงพอใจของบุคลากรต่อระบบการบริหารของวิทยาลัยพยาบาลบรมราชชนนี สวรรค์ประชารักษ์ นครสวรรค์
260    ^aนครสวรรค์ :^bวิทยาลัยพยาบาลบรมราชชนนี สวรรค์ประชารักษ์ นครสวรรค์,^c2550
300    ^a73 หน้า;^b29 ซม.
650    ^aการบริหาร^xวิจัย
945    ^p0^l0^i23783
945    ^p0^l0^i23784
945    ^p0^l0^i23785
945    ^p0^l0^i23786
995    ^aกัณชพร
999 ^a กัณชพร
รายการนี้ยังไม่มีแท็ก
คุณยังไม่ได้ล็อกอิน คุณสามารถมีกิจกรรมร่วมกับเว็บไซต์ได้ แต่ต้องล็อกอินก่อน ::
  ล็อกอิน

รายการสื่อสารสนเทศ

ลำดับที่ ประเภท เลขเรียก/บาร์โค้ด สถานที่ สถานะ
1. งานวิจัย
งานวิจัย
วจ.HM 132 จ533ค ฉ.1 
  Barcode: 23783
ห้องสมุดวิทยาเขตนครสวรรค์
►วิจัย:l:Research Room
บนชั้น
2. งานวิจัย
งานวิจัย
วจ.HM 132 จ533ค ฉ.2 
  Barcode: 23784
ห้องสมุดวิทยาเขตนครสวรรค์
►วิจัย:l:Research Room
บนชั้น
3. งานวิจัย
งานวิจัย
วจ.HM 132 จ533ค ฉ.3 
  Barcode: 23785
ห้องสมุดวิทยาเขตนครสวรรค์
►วิจัย:l:Research Room
บนชั้น
4. งานวิจัย
งานวิจัย
วจ.HM 132 จ533ค ฉ.4 
  Barcode: 23786
ห้องสมุดวิทยาเขตนครสวรรค์
►วิจัย:l:Research Room
บนชั้น

รายการใกล้เคียง
    ชื่อเรื่อง [ความพึงพอใจของบุคลากรต่อระบบการบริหารของวิทยาลัยพยาบาลบรมราชชนนี สวรรค์ประชารักษ์ นครสวรรค์]

BibComment


ยังไม่เคยถูกคอมเมนท์

คอมเมนท์ทรัพยากรรายการนี้
  คอมเมนท์: ความพึงพอใจของบุ..


 Copyright 2026. Bcnsprnw @Library